| 000 | 00590nam a22001697a 4500 | ||
|---|---|---|---|
| 003 | NUST | ||
| 038 | _aNusrat Nadeem | ||
| 082 | _a200 | ||
| 100 |
_aRazzaque, Asmad Bin Abdul _997204 |
||
| 245 |
_aEnhanced Random Access Protocols for Massive IoT based on Advanced Physical Layer Processing / _cAsmad Bin Abdul Razzaque |
||
| 264 |
_aIslamabad : _bSEECS, NUST, _c2022. |
||
| 300 | _a24 p. ; | ||
| 650 |
_aMS-Electrical Engineering _923567 |
||
| 700 |
_aSupervisor: Dr. Hassaan Khaliq Qureshi _997205 |
||
| 856 | _uhttp://10.250.8.41:8080/xmlui/handle/123456789/29942 | ||
| 942 |
_2ddc _cSC |
||
| 999 |
_c590988 _d590988 |
||